书目信息 |
| 题名: |
终点弹道学
|
|
| 作者: | 罗森贝格 , 德克尔 著 ;钟方平 译 | |
| 分册: | ||
| 出版信息: | 北京 国防工业出版社 2014 |
|
| 页数: | 313页 | |
| 开本: | 24cm | |
| 丛书名: | 国防科技著作精品译丛 | |
| 单 册: | ||
| 中图分类: | TJ012.4 , O325 | |
| 科图分类: | ||
| 主题词: | 终点弹道学 , 振动理论 | |
| 电子资源: | ||
| ISBN: | 978-7-118-09594-4 | |
| 000 | 01293nam0 2200313 450 | |
| 001 | 3093 | |
| 005 | 20161208083616.14 | |
| 010 | @a978-7-118-09594-4@b精装@dCNY92.00 | |
| 100 | @a20150303d2014 em y0chiy50 ea | |
| 101 | 1 | @achi@ceng |
| 102 | @aCN@b110000 | |
| 105 | @aa z 000yy | |
| 200 | 1 | @a终点弹道学@9zhong dian dan dao xue@dTerminal ballistics@zeng@f(以)Zvi Rosenberg,(以)Erez Dekel著@g钟方平译 |
| 210 | @a北京@c国防工业出版社@d2014 | |
| 215 | @a313页@c图@d24cm | |
| 225 | 1 | @a国防科技著作精品译丛 |
| 300 | @a装备科技译著出版基金 | |
| 305 | @a由Springer Berlin Heidelberg授权出版 | |
| 330 | @a本书分为三篇,第一篇描述了终点弹道学实验室和本领域应用的主要诊断工具,同时概述了数值模拟常用的几个材料模型;第二篇主要介绍侵彻力学,讨论不同的弹/靶组合情况下,发生撞击和侵彻的基本作用过程;第三篇论述了用以抵抗一些常见威胁的几种装甲设计概念,以及支撑这些设计概念的工作原理。 | |
| 510 | 1 | @aTerminal ballistics@zeng |
| 606 | 0 | @a终点弹道学 |
| 606 | 0 | @a振动理论 |
| 690 | @aTJ012.4@v5 | |
| 690 | @aO325@v4 | |
| 701 | 0 | @a罗森贝格@9luo sen bei ge@c(以)@c(Rosenberg, Zvi)@4著 |
| 701 | 0 | @a德克尔@9de ke er@c(以)@c(Dekel, Erez)@4著 |
| 702 | 0 | @a钟方平@9zhong fang ping@f(1966~)@4译 |
| 801 | 0 | @aCN@b大连网信软件有限公司图书馆·11@c20161208 |
| 905 | @aZUCC@dTJ012.4@e9 | |
| 终点弹道学=Terminal ballistics/(以)Zvi Rosenberg,(以)Erez Dekel著/钟方平译.-北京:国防工业出版社,2014 |
| 313页:图;24cm.-(国防科技著作精品译丛) |
| 装备科技译著出版基金 |
| ISBN 978-7-118-09594-4(精装):CNY92.00 |
| 本书分为三篇,第一篇描述了终点弹道学实验室和本领域应用的主要诊断工具,同时概述了数值模拟常用的几个材料模型;第二篇主要介绍侵彻力学,讨论不同的弹/靶组合情况下,发生撞击和侵彻的基本作用过程;第三篇论述了用以抵抗一些常见威胁的几种装甲设计概念,以及支撑这些设计概念的工作原理。 |
| ● |
| 相关链接 |
|
|
|
|
正题名:终点弹道学
索取号:TJ012.4/9
 
预约/预借
| 序号 | 登录号 | 条形码 | 馆藏地/架位号 | 状态 | 备注 |
| 1 | 913062 | 209130625 | 第二样本阅览室/ [索取号:TJ012.4/9] | 在馆 | |
| 2 | 913063 | 209130634 | 第三借阅区/ [索取号:TJ012.4/9] | 在馆 | |
| 3 | 913064 | 209130643 | 第三借阅区/ [索取号:TJ012.4/9] | 在馆 | |
| 4 | 913065 | 209130652 | 第三借阅区/ [索取号:TJ012.4/9] | 在馆 |